00462nam a22001697a 450000500170000001000130001702000260003003500130005603700130006908200110008210000190009324500490011226000380016127000430019930000300024250000200027220200131171441.0 aB-731183 a9788125036845c385.00 aB-731183 bDBAD/Pub a954.09 aChandra, Bipan aHistory of modern India /cby Bipan Chandra  aNew DelhibOrient Blackswanc2016 a1824, Asaf Ali RoadbNew Delhie110002 aviii, 351p. c22cm (pbk)  aIncludes index